Fit 2 Future: Eko-mobilita pre udržateľné mesto

Salvato in:
Dettagli Bibliografici
Autore principale: Sabo, Stanislav, 1991- (Autore)
Altri autori: Olah, Peter, 1977- (Relatore della tesi)
Natura: Manoscritto Libro
Lingua:slovacco
Pubblicazione: Bratislava : STU v Bratislave FA, 2014
Soggetti:
Accesso online:VAIS
Tags: Aggiungi Tag
Nessun Tag, puoi essere il primo ad aggiungerne!!

MARC

LEADER 00000ntm a22000003a 4500
001 stu291777
005 20210315083616.8
008 140619s2014----xo------------------slo-d
040 |a STU  |b slo 
041 0 |a slo 
044 |a xo 
100 1 |a Sabo, Stanislav,  |d 1991-  |4 aut  |u A  |T FAD Fakulta architektúry  |X 43917  |U A  |Y 50  |7 A000043917 
242 0 0 |a Fit 2 Future: ECO - mobility for sustainable city  |y eng 
245 1 |a Fit 2 Future: Eko-mobilita pre udržateľné mesto 
260 |a Bratislava :  |b STU v Bratislave FA,  |c 2014 
650 7 |a Product Design  |2 estusub 
650 7 |a variability  |2 estusub 
650 7 |a transformation  |2 estusub 
650 7 |a future  |2 estusub 
650 7 |a variabilita  |2 stusub 
650 7 |a transformácia  |2 stusub 
650 7 |a budúcnosť  |2 stusub 
650 7 |a automobil  |2 stusub 
700 1 |a Olah, Peter,  |d 1977-  |4 ths  |X 5303  |7 A000005303 
856 4 |a info a plný text  |u http://is.stuba.sk/zp/portal_zp.pl?podrobnosti=83459  |u https://opac.crzp.sk/?fn=detailBiblioForm&sid=CB068CE69013CFB6D865E0794CD3  |3 VAIS